000
00299nam a2200121Ia 4500
008
190722s9999 xx 000 0 und d
020
_a
978-1-137-37501-8
100
_a
Damodar Gujarati
245
0
_a
Econometrics(by Example
260
_a
New Delhi
_b
Mac Millian
_c
2015
300
_a
466
942
_c
BK
999
_c
436
_d
436